000 00700nam a2200289Ia 4500
005 20260324125119.0
008 008 260324s9999 xx 000 0 eng d
020 _a9781849770866
037 _aEBOOK
040 _aCRL
040 _beng
040 _cCRL
041 _2eng
041 _aeng
084 _qCRL
100 _aFrancois Molle
_91176749
245 0 _aContested Waterscapes in the Mekong Region
245 0 _bHydropower, Livelihoods and Governance
260 _bTaylor and Francis
260 _c2009
365 _a
365 _b240
856 _uhttp://www.taylorfrancis.com/books/9781849770866
942 _cEBOOK
999 _c1771713
_d1771713